Statistiken für Abkürzungen Quiz

Klicken Sie hier um das Quiz zu spielen!

Allgemein

  • Dieses Quiz wurde 209 mal gespielt
  • Das Durchschnittsergebnis liegt bei 23 aus 55

Antwortstatistiken

HintAntwort% Korrekt
usw.und so weiter
88%
OMGOh mein Gott / Oh my god
81%
WGWohngemeinschaft
80%
ZDFZweites deutsches Fernsehen
80%
vs.versus
79%
BRDBundesrepublik Deutschland
77%
btwby the way
74%
DDRDeutsche Demokratische Republik
73%
GmbHGesellschaft mit beschränkter Haftung
69%
IQIntelligenzquotient
68%
lollaughing out loud
68%
LGLiebe Grüße
67%
HDGDLHab dich ganz doll lieb
64%
etc.et cetera
63%
feat.featuring
63%
AGAktiengesellschaft
60%
Pls/PlzPlease
60%
DMDeutsche Mark
57%
tbhto be honest
55%
2L8too late
51%
uvm.und viel mehr
51%
npNo Problem
48%
afkaway from keyboard
47%
FAQFrequently Asked Questions
47%
IRLin real life
46%
lmaolaughing my ass off
44%
CDCompact Disc
43%
akaalso known as
42%
BMWBayerische Motoren Werke
42%
FYIfor your information
41%
Q&AQuestions & Answers
40%
SMSShort Message Service
40%
C USee you
39%
UNOUnited Nations Organisation
37%
roflrolling on the floor laughing
36%
ZOBZentraler Omnibus-Bahnhof
36%
FBIFederal Bureau of Investigation
33%
FTWfor the win
33%
NSANational Security Agency
32%
DVDDigital Video / Versatile Disc
27%
RPGRole Play Game
27%
Inc.Incorporated
25%
IkrI know, right?
17%
TMTrade-Mark
17%
FOSFachoberschule
16%
BOSBerufsoberschule
12%
VHSVideo Home System
11%
CD-ROMCompact Disc Read-Only Memory
9%
& Co.and company
8%
NASANational Aeronautics and Space Administration
5%
SciFiSciene Fiction
5%
DCDetective Comics
3%
ASMRAutonomous Sensory Meridian Response
2%
OVAOriginal Video Animation
2%
imaoin my arrogant opinion
1%

Verteilung der Resultate

Perzentil nach korrekt beantworteten Fragen

Anzahl Personen mit jedem Resultat

Ihre Resultats-Entwicklung

Sie haben dieses Quiz noch nicht gespielt